00539nam a2200193 a 4500001001300000003000900013005001700022008004100039020001000080082001700090100002300107245007600130260004000206300000900246500003500255505001000290650002200300700002300322nice12345678IN_TiNIC20260116011553.0050524s1925 woka grp 000 0 eng  ac10000a297.63bKAM1 aKamaluddin, Khwaja aIdeal Prophetb Icorporating a of Glimpses from the Life of the Prophet aWokingbIslamic Review Officec1925 a274p aincludes index and biblioraphy2 aIndex aMuhammad, Prophet1 aKamaluddin, Khwaja